Регионална библиотека "Любен Каравелов" - Русе

Изменения в храненето на българския народ (Запис номер 460688)

MARC детайли
000 -Лидер
Контролно поле с фиксирана дължина nam a22 7a 4500
003 - Код на организацията, давaща контролен номер
Контролно поле BLK
005 - Дата и час на последна редакция
Контролно поле 20220613132254.0
008 - Елементи от данни с фиксирана дължина
fixed length control field 210319b bu ||||| |||| 00| 0 bu d
040 ## - Източник на каталожния запис
Идентификатор на билиотеката - собственик на записа BLK
041 ## - Код за език
Код за езика на текст/звукозапис или на отделно заглавие Български
Код за езика КДБФ Български
080 ## - УДК
Текстов определител УДК Въздържание, умереност при храненето като лечебен фактор. Ограничителна диета. Вж и 613. 24/. 25
УДК код - определител по УДК 615.874.1
УДК - код + определител 615.874.1
100 ## - Редна дума - Автор
R(LIN) 1299
Автор Демирева, Мара
Авторска отговорност първи автор
139 ## - Редно поле
Редна дума Демирева, Мара
245 ## - Сведения за заглавието
Заглавие Изменения в храненето на българския народ
Редно поле (дума) Мара Демирева
Подзаглавни данни Биол. и соц.-икон. изследване
260 ## - Област на издателските данни
9 (RLIN) 406277
Място на издаване, разпространение и проч. София
Име на издателя, разпространителя и проч. БАН
Година на издаване 1968
Информация за издателството МНЗСГ
300 ## - Физическа характеристика
Страници 106 с.
Размери/Мащаб 23 см
380 ## - Жанр
Жанр Медицина
650 #0 - Допълнително описание по предмет – тема
9 (RLIN) 244312
Основно описание – тема или топоним Лечебно хранене
653 #0 - Ключова дума – ненормативна
9 (RLIN) 466281
Ключова дума диетични режими
852 ## - Местоположение
Форматна сигнатура Цб 44393
Фондова буква Хранилище
999 ## - СИСТЕМНИ КОНТРОЛНИ НОМЕРА
Koha biblionumber 460688
Koha biblioitemnumber 460688
942 ## - АРТИКУЛИ
Вид на библиотечния материал Книги
Скрит в OPAC Не
Периодичен библиозапис Да
944 ## - СЪЗДАВАНЕ И РЕДАКЦИЯ на ЗАПИСА
Създаване/Редакция Създаване
Дата на регистрацията/редакция 2022-06-13
Служител, извършил регистрацията/редакцията В. т.
Наличности
Код за отписване Код за изгубен артикул Източник на класификационната схема Код за повреда Коз за рестрикции Код за отдаване Артикулен № Име на библиотеката - собственик Име на библиотеката, в която се намира в момента Статус (Текущо местоположение) Дата на вписване в системата Местоположение - отдел Цена в лева Инвентарен номер Систематично азбучна сигнатура Баркод Цена в евро Служебен тип на артикула
  Не е изгубен Universal Decimal Classification Не е повреден само за читалня ползва се в читалня 890198 Регионална библиотека "Любен Каравелов" Русе Регионална библиотека "Любен Каравелов" Русе Хранилище 2022-06-17 Хранилище 1.05 5690/68 Цб 44393 900000100924 0.54 Книги
Vip Innovations Ltd, Rousse, Bulgaria 2025